| 000 | 00913nam a2200217Ia 4500 | ||
|---|---|---|---|
| 999 |
_c47186 _d47186 |
||
| 001 | 14044 | ||
| 003 | GE_BSU | ||
| 005 | 20200207132547.0 | ||
| 008 | 181216s1990||||ge |||||||||||||| ||geo|| | ||
| 020 | _a55050111721 | ||
| 040 | _cGE_BSU | ||
| 041 | _ageo | ||
| 080 | _a821.353.1-92 გ-59 | ||
| 100 |
_aგოგებაშვილი, იაკობ _96870 |
||
| 245 |
_aრჩეული თხზულებანი : _bტ. 3 / _cიაკობ გოგებაშვილი ; შემდგ. ვლ. გაგუასა და სხვ. ; ტომის რედ. დ. გურგენიძე. |
||
| 264 |
_aთბილისი : _bგანათლება, _c1990. |
||
| 300 |
_a478 გვ. ; _c20 სმ. |
||
| 653 | _aრჩეული თხზულებანი | ||
| 700 |
_aგურგენიძე, დ. _eრედაქტორი _92207 |
||
| 942 |
_cBK _2udc |
||